| 000 | 00666nam a2200217 4500 | ||
|---|---|---|---|
| 003 | OSt | ||
| 005 | 20230907125058.0 | ||
| 006 | k|||||r|||| 00| zz | ||
| 008 | 708 R549v | ||
| 040 | _cLado V | ||
| 082 |
_a708 _bF363s |
||
| 100 |
_91035 _aFernández, Rafa _eautor |
||
| 245 | _aSortilegio/ | ||
| 260 |
_bMemoria _bTeatro Nacional _c1994 _aCosta Rica |
||
| 300 |
_a12p. _c20x15cm |
||
| 650 |
_2Tesauro de Arte & Arquitectura _aARTE _9702 |
||
| 650 |
_2Tesauro de Arte & Arquitectura _aPINTURA _9702 |
||
| 650 |
_2Tesauro de Arte & Arquitectura _aDANZA _9702 |
||
| 650 |
_2Tesauro de Arte & Arquitectura _aEXHIBICION |
||
| 942 |
_2ddc _c1 _h708 _iF363s _n0 |
||
| 999 |
_c4294 _d4294 |
||